dust bowl - ethel cain - Statistics

General Stats
  • This quiz has been taken 47 times
  • The average score is 220 of 285
Answer Stats
Answer % Correct
a
100%
all
96%
his
96%
i
96%
in
96%
me
96%
of
96%
the
96%
when
96%
you
96%
your
96%
be
92%
he
92%
if
92%
over
92%
was
92%
boy
88%
cryin
88%
death
88%
eyes
88%
fuckin
88%
girls
88%
home
88%
it
88%
knew
88%
love
88%
other
88%
pretty
88%
thinkin
88%
were
88%
who
88%
with
88%
and
84%
blood
84%
by
84%
cookin
84%
could
84%
daddy
84%
for
84%
holes
84%
natural
84%
shit
84%
smoked
84%
smokin
84%
sneakers
84%
stained
84%
that
84%
to
84%
up
84%
vietnam
84%
watching
84%
writer
84%
youd
84%
blonde
80%
brains
80%
dead
80%
fell
80%
grade
80%
hard
80%
harder
80%
hes
80%
leave
80%
off
80%
our
80%
rain
80%
rode
80%
tell
80%
grew
76%
just
76%
porn
76%
scared
76%
star
76%
strike
76%
youre
76%
alabama
72%
as
72%
didnt
72%
instead
72%
said
72%
sayin
72%
see
72%
singing
72%
but
68%
consumed
68%
dies
68%
eighth
68%
god
68%
laid
68%
never
68%
out
68%
sure
68%
tend
68%
tried
68%
violets
68%
walked
68%
wanted
68%
again
64%
flick
64%
pact
64%
row
64%
wait
64%
cause
60%
drive
60%
feeling
60%
hell
60%
hoping
60%
moment
60%
slasher
60%
slowly
60%
so
60%
wind
60%
wondered
60%
blows
56%
can
56%
infront
56%
keep
56%
am
52%
er
52%
make
52%
youll
52%
dying
48%
have
48%
kind
48%
wade
48%
re
32%
rls
24%
No matching quizzes found
Score Distribution
Percent of People with Each Score
Percentile by Number Answered
Your Score History
You have not taken this quiz